000 00448nam a2200157 a 4500
001 000034893
005 20200930073953.0
008 111021s1967 fr 000 0 spa d
040 _aDO-SdBNP
_bspa
_cBNPHU
100 1 _aChomsky, Noam
_944916
245 1 0 _aCurrent issues in linguistic theory /
_cNoam Chomsky.
260 _aLondon, Paris :
_bMouton & Co.,
_c1967.
300 _a119 p. ;
_c22 cm.
490 1 _aMinor
_v38
830 0 _aMinor
_n38
_960452
999 _c34384
_d34384